Tvoř jako umělec : hravý průvodce uměním pro děti /

Uloženo v:
Hlavní autor: Chmelařová, Veronika (Autor)
Další autoři: Krkošek, Martin, 1979- (Autor)
Médium: Kniha
Jazyk:Czech
Vydáno: V Brně : CPress, 2026
Vydání:1. vydání
Témata:
Celkem bylo vypůjčeno:0x
Tagy:
Žádné tagy
LEADER 01716nam a2200445 i 4500
001 106511
003 CZ PrNK
005 20260605075414.0
007 ta
008 260508s2026 xr a b 000 0 cze
015 |a cnb003756993 
020 |a 9788026459965  |q (brožováno) :  |c Kč 349,00 
040 |a BOA001  |b cze  |e rda 
072 7 |a 72/76  |x Výtvarné umění  |2 Konspekt  |9 21 
072 7 |a 0/9-053.2  |x Literatura pro děti a mládež (naučná)  |2 Konspekt  |9 26 
080 |a 72/76(091)  |2 MRF 
080 |a (076.1)  |2 MRF 
080 |a (0.053.2)  |2 MRF 
100 1 |a Chmelařová, Veronika  |7 mzk2016903387  |4 aut  |9 115514 
245 1 0 |a Tvoř jako umělec :  |b hravý průvodce uměním pro děti /  |c Veronika Chmelařová ; ilustroval Martin Krkošek a spol. 
250 |a 1. vydání 
264 1 |a V Brně :  |b CPress,  |c 2026 
300 |a 98 stran :  |b barevné ilustrace ;  |c 21 x 29 cm 
336 |a text  |b txt  |2 rdacontent 
336 |a statický obraz  |b sti  |2 rdacontent 
337 |a bez média  |b n  |2 rdamedia 
338 |a svazek  |b nc  |2 rdacarrier 
521 8 |a Pro čtenáře od 8 let 
650 0 7 |a dějiny umění  |7 ph119698  |2 czenas 
650 0 9 |a history of art  |2 eczenas 
655 7 |a pracovní sešity  |7 fd133116  |2 czenas  |9 103 
655 7 |a publikace pro děti  |7 fd133156  |2 czenas  |9 23 
655 9 |a activity books  |2 eczenas 
655 9 |a children's literature  |2 eczenas 
700 1 |a Krkošek, Martin,  |d 1979-  |7 mzk2005271895  |4 ill  |9 115515 
710 2 |a CPress (nakladatelství)  |7 ko2016932359  |4 pbl  |9 117184 
910 |a UOG502 
942 |2 ddc  |c KN 
999 |d 106511 
993 |0 0  |1 421180107231  |2 ddc  |4 0  |6 74_000000000000000  |7 0  |9 99955  |b 0  |c 107231  |d 2026-06-05  |e 0  |f M  |g 74  |h 349.00  |i Koupě  |l M  |r 2026-06-05  |t 7  |w 2026-06-05  |y KN  |z NAUCNA  |n